[Event "16th Delhi Open 2018"]
[Site "New Delhi IND"]
[Date "2018.01.16"]
[Round "10.5"]
[White "Vignesh, N R"]
[Black "Mohammad, Nubairshah Shaikh"]
[Result "0-1"]
[WhiteTitle "IM"]
[BlackTitle "IM"]
[WhiteElo "2470"]
[BlackElo "2380"]
[WhiteFideId "25012215"]
[BlackFideId "5053196"]
[EventDate "2018.01.09"]

1. e4 c6 2. d4 d5 3. Nc3 dxe4 4. Nxe4 Bf5 5. Ng3 Bg6 6. h4 h6 7. Nf3 e6 8. h5
Bh7 9. Bd3 Bxd3 10. Qxd3 Nf6 11. Bd2 Be7 12. O-O-O c5 13. Be3 Qa5 14. Kb1 O-O
15. Ne4 Rd8 16. Nxf6+ Bxf6 17. Qe4 Nc6 18. dxc5 Qb5 19. Bc1 Qxc5 20. Rxd8+ Rxd8
21. g4 Qxf2 22. g5 Nd4 23. Nxd4 Rxd4 24. Qxb7 Bxg5 25. Qb5 Rd5 26. Qc4 Qf3 27.
Qf1 Qxf1 28. Rxf1 Bxc1 29. Rxc1 Rxh5 30. c4 Kf8 31. Kc2 Ke7 32. Rd1 g5 33. c5 g4
34. b4 Rd5 35. Rg1 h5 36. Kc3 f5 0-1

[Event "16th Delhi Open 2018"]
[Site "New Delhi IND"]
[Date "2018.01.16"]
[Round "10.6"]
[White "Czebe, Attila"]
[Black "Sengupta, Deep"]
[Result "1-0"]
[WhiteTitle "GM"]
[BlackTitle "GM"]
[WhiteElo "2458"]
[BlackElo "2586"]
[WhiteFideId "705268"]
[BlackFideId "5008352"]
[EventDate "2018.01.09"]

1. Nf3 d5 2. g3 Nf6 3. Bg2 c5 4. O-O Nc6 5. d4 e6 6. c4 dxc4 7. Ne5 Bd7 8. Na3
cxd4 9. Naxc4 Be7 10. e3 O-O 11. exd4 Nd5 12. Ne3 Nxe3 13. Bxe3 Be8 14. Rc1 Nxe5
15. dxe5 Bb5 16. Qxd8 Raxd8 17. Rfd1 b6 18. Bf1 Bxf1 19. Kxf1 f6 20. Rxd8 Bxd8
21. Rc8 fxe5 22. Ra8 a5 23. Rc8 Kf7 24. Ke2 b5 25. Rb8 b4 26. Kd3 Re8 27. b3 h6
28. Kc4 e4 29. Kb5 Bf6 30. Rxe8 Kxe8 31. Kxa5 Bc3 32. Kb5 Kd7 33. Kc4 Be1 34.
Kd4 Kd6 35. Kxe4 e5 36. g4 Ke6 37. h4 Bc3 38. h5 Be1 39. f3 Kd6 40. Ba7 Ke6 41.
Bb8 Bg3 42. Bc7 Kf6 43. Ba5 1-0

[Event "16th Delhi Open 2018"]
[Site "New Delhi IND"]
[Date "2018.01.16"]
[Round "10.7"]
[White "Tiviakov, Sergei"]
[Black "Dzhumaev, Marat"]
[Result "1-0"]
[WhiteTitle "GM"]
[BlackTitle "GM"]
[WhiteElo "2584"]
[BlackElo "2434"]
[WhiteFideId "1008013"]
[BlackFideId "14200236"]
[EventDate "2018.01.09"]

1. e4 e5 2. Nf3 Nc6 3. Bb5 Nf6 4. Qe2 Be7 5. c3 O-O 6. O-O d6 7. Rd1 a6 8. Ba4
Nd7 9. d4 Bf6 10. Be3 Qe7 11. Nbd2 h6 12. a3 exd4 13. cxd4 Nb6 14. Bc2 Bg4 15.
Qd3 Bg5 16. e5 g6 17. exd6 cxd6 18. Bxg5 hxg5 19. Qb3 Qd8 20. Bxg6 Be6 21. Qe3
Qf6 22. Be4 g4 23. Bxc6 bxc6 24. Qg5+ Qg7 25. Qxg7+ Kxg7 26. Ng5 Bd5 27. Nge4
Rad8 28. Rac1 f5 29. Nc3 Bf7 30. Ne2 Rc8 31. Nf1 Bb3 32. Re1 f4 33. Nd2 Bd5 34.
g3 fxg3 35. fxg3 Bg8 36. Ne4 Rfd8 37. Nf2 Nc4 38. Nf4 Rb8 39. Nxg4 Rd7 40. Nh5+
Kg6 41. Nhf6 Rf7 42. Nxg8 Nd2 43. Re6+ Kg5 44. N8h6 Rff8 45. Rxd6 1-0

[Event "16th Delhi Open 2018"]
[Site "New Delhi IND"]
[Date "2018.01.16"]
[Round "10.8"]
[White "Koustav, Chatterjee"]
[Black "Tukhaev, Adam"]
[Result "0-1"]
[BlackTitle "GM"]
[WhiteElo "2288"]
[BlackElo "2570"]
[WhiteFideId "25073060"]
[BlackFideId "14109476"]
[EventDate "2018.01.09"]

1. d4 g6 2. Bf4 Bg7 3. Nc3 d6 4. e4 a6 5. Nf3 b5 6. a3 Bb7 7. Qd2 Nd7 8. O-O-O
c5 9. dxc5 Nxc5 10. e5 Ne6 11. Ng5 Nxg5 12. Bxg5 Bxe5 13. Nd5 Rc8 14. h4 Bg7 15.
h5 Rc5 16. h6 Bxb2+ 17. Kxb2 Rxd5 18. Qc3 f6 19. Rxd5 Bxd5 20. f4 Qd7 21. Ka1
Kf7 22. Bd3 Qc6 23. Qb2 Bxg2 24. Re1 e5 25. fxe5 dxe5 26. Kb1 Ne7 27. Rxe5 Nd5
28. Ka1 fxe5 29. c4 bxc4 30. Bb1 Nf6 31. Qxe5 Re8 32. Qd4 Re1 33. Ka2 Rxb1 0-1

[Event "16th Delhi Open 2018"]
[Site "New Delhi IND"]
[Date "2018.01.16"]
[Round "10.9"]
[White "Sivuk, Vitaly"]
[Black "Harsha, Bharathakoti"]
[Result "0-1"]
[WhiteTitle "GM"]
[BlackTitle "IM"]
[WhiteElo "2550"]
[BlackElo "2451"]
[WhiteFideId "14116502"]
[BlackFideId "5078776"]
[EventDate "2018.01.09"]

1. d4 Nf6 2. c4 e6 3. Nf3 d5 4. g3 dxc4 5. Bg2 Nc6 6. Qa4 Bb4+ 7. Bd2 Nd5 8. Qb5
Bxd2+ 9. Nbxd2 c3 10. bxc3 Nxc3 11. Qb2 Na4 12. Qc2 Nb6 13. e3 O-O 14. O-O Qe7
15. Rfc1 Rd8 16. Nb3 Nd5 17. Qb2 Rb8 18. Ne1 Bd7 19. Nc5 Be8 20. Ned3 b6 21. Ne4
Rbc8 22. Rab1 Na5 23. Nc3 c6 24. Qe2 Qa3 25. Ne4 h6 26. Nf4 Qe7 27. Qa6 Rc7 28.
Qe2 Nb7 29. Nd3 Rdc8 30. Qb2 c5 31. dxc5 Nxc5 32. Ndxc5 bxc5 33. Qa3 f5 34. Nc3
Nb4 35. Qb3 Kh7 36. Qc4 Nc6 37. Nb5 Ne5 38. Qc3 Bxb5 39. Rxb5 Nf7 40. Ra5 Qd6
41. Qa3 Ne5 42. Ra6 Qe7 43. Qc3 Nd7 44. e4 Nb6 45. exf5 exf5 46. h4 c4 47. Ra5
Rc5 48. Re1 Qf7 49. Ra6 R8c7 50. a4 Nd5 51. Bxd5 Rxd5 52. Rae6 Rd3 53. Qc2 Qd7
54. Re7 Qd6 55. Rxc7 Qxc7 56. Rc1 Rd5 57. Kh2 Qc5 58. Kg2 Rd4 59. Qc3 Qd5+ 60.
Qf3 Qxf3+ 61. Kxf3 Kg6 62. a5 Kf6 63. Ke3 Ke5 64. Rb1 Rd3+ 65. Ke2 Ra3 66. Rb7
Rxa5 67. Rxg7 Kd4 68. Rd7+ Kc3 69. Ke3 Kc2 70. f3 c3 71. g4 fxg4 72. fxg4 Kb2
73. Rb7+ Kc1 74. g5 hxg5 75. h5 Ra6 76. Kf3 c2 77. Kg4 Rc6 78. Rxa7 Kb2 79. Rb7+
Kc3 0-1

[Event "16th Delhi Open 2018"]
[Site "New Delhi IND"]
[Date "2018.01.16"]
[Round "10.10"]
[White "Vaibhav, Suri"]
[Black "Dhulipalla, Bala Chandra Prasad"]
[Result "1-0"]
[WhiteTitle "GM"]
[BlackTitle "IM"]
[WhiteElo "2542"]
[BlackElo "2313"]
[WhiteFideId "5045185"]
[BlackFideId "25005812"]
[EventDate "2018.01.09"]

1. e4 e5 2. Nf3 Nc6 3. Bb5 a6 4. Ba4 Nf6 5. O-O Be7 6. Re1 b5 7. Bb3 d6 8. c3
O-O 9. h3 Nb8 10. d4 Nbd7 11. Nbd2 Bb7 12. Bc2 Re8 13. Nf1 Bf8 14. Ng3 g6 15. b3
Bg7 16. d5 Rc8 17. c4 c6 18. Bg5 h6 19. Bd2 a5 20. Be3 Qc7 21. Rc1 bxc4 22. bxc4
Nc5 23. Bxc5 dxc5 24. Nd2 Nd7 25. Re3 h5 26. Ra3 Nb6 27. Rb1 Ra8 28. Rab3 Ra6
29. Ngf1 Bc8 30. Ne3 Bh6 31. Qe2 Kg7 32. dxc6 Bxe3 33. Qxe3 Re6 34. Qc3 Rxc6 35.
Nf1 Be6 36. Ne3 Nd7 37. Rb7 Qd8 38. f4 f6 39. fxe5 fxe5 40. Ba4 Qg5 41. Bxc6
Rxc6 42. Rd1 Kh6 43. Rbxd7 Bxd7 44. Rxd7 1-0

[Event "16th Delhi Open 2018"]
[Site "New Delhi IND"]
[Date "2018.01.16"]
[Round "10.11"]
[White "Roy Chowdhury, Saptarshi"]
[Black "Deepan, Chakkravarthy J."]
[Result "0-1"]
[WhiteTitle "GM"]
[BlackTitle "GM"]
[WhiteElo "2318"]
[BlackElo "2475"]
[WhiteFideId "5002974"]
[BlackFideId "5011132"]
[EventDate "2018.01.09"]

1. e4 c5 2. Nf3 d6 3. c3 Nf6 4. Be2 g6 5. O-O Bg7 6. Re1 O-O 7. Bf1 Bg4 8. h3
Bxf3 9. Qxf3 Nc6 10. d3 b5 11. a3 a5 12. Qd1 Nd7 13. Be3 Qb6 14. Nd2 a4 15. Nf3
Qb7 16. d4 Na5 17. dxc5 Nxc5 18. Qd5 Nxe4 19. Qxb7 Nxb7 20. Bxb5 Rfc8 21. Bd4 d5
22. Rad1 e6 23. Bxg7 Kxg7 24. Nd4 Nbd6 25. Bd7 Rcb8 26. Bxe6 fxe6 27. Nxe6+ Kf7
28. Nc7 Ra7 29. Nxd5 Rxb2 30. c4 Nc5 31. Ne3 Nce4 32. Nd5 Nc5 33. Ne3 Nde4 34.
Ng4 Rc7 35. Rd4 Ng5 36. Rf4+ Kg7 37. Rd4 Nf7 38. Re8 Rb3 39. Rf4 Nd6 40. Nf6 Nf5
41. Nd5 Rf7 42. g4 Nd6 43. Rxf7+ Nxf7 44. Rc8 Ne4 45. c5 Nfg5 46. Rc7+ Kh6 47.
c6 Rb1+ 48. Kg2 Rb2 0-1

[Event "16th Delhi Open 2018"]
[Site "New Delhi IND"]
[Date "2018.01.16"]
[Round "10.12"]
[White "Abhishek, Kelkar"]
[Black "Amonatov, Farrukh"]
[Result "0-1"]
[WhiteTitle "IM"]
[BlackTitle "GM"]
[WhiteElo "2378"]
[BlackElo "2636"]
[WhiteFideId "5019257"]
[BlackFideId "14700077"]
[EventDate "2018.01.09"]

1. d4 Nf6 2. c4 g6 3. Nc3 Bg7 4. e4 O-O 5. Nge2 c5 6. d5 d6 7. Ng3 h5 8. Bd3 e6
9. Bg5 exd5 10. Nxd5 Be6 11. O-O Bxd5 12. exd5 Qb6 13. Rb1 Nbd7 14. Qd2 Nh7 15.
Bh4 Rfe8 16. Bc2 Ne5 17. b3 Qb4 18. Qxb4 cxb4 19. Ne4 Bf8 20. f4 Ng4 21. Rfe1 f5
22. h3 Nh6 23. Nf6+ Nxf6 24. Bxf6 Kf7 25. Bd4 Bg7 26. Bxg7 Kxg7 27. g3 Ng8 28.
Kf2 Nf6 29. Kf3 Kf7 30. Ra1 a6 31. Kf2 b5 32. Rxe8 Rxe8 33. a3 bxc4 34. bxc4 a5
35. axb4 axb4 36. Ra6 Rb8 37. Ra7+ Kf8 38. Ke3 b3 39. Bb1 b2 40. Ra3 Ne4 41. Ke2
Rb4 42. g4 Rxc4 43. gxf5 gxf5 44. Rb3 Nc3+ 45. Kd3 Nxb1 46. Rxb2 Na3 0-1

[Event "16th Delhi Open 2018"]
[Site "New Delhi IND"]
[Date "2018.01.16"]
[Round "10.13"]
[White "Sidhant, Mohapatra"]
[Black "Gupta, Abhijeet"]
[Result "0-1"]
[WhiteTitle "IM"]
[BlackTitle "GM"]
[WhiteElo "2382"]
[BlackElo "2610"]
[WhiteFideId "5028698"]
[BlackFideId "5010608"]
[EventDate "2018.01.09"]

1. e4 c5 2. Nf3 d6 3. Bb5+ Nd7 4. O-O a6 5. Bd3 Ngf6 6. Re1 g6 7. c3 Bg7 8. Bf1
Ne5 9. Nxe5 dxe5 10. a4 O-O 11. Na3 Be6 12. Bc4 Bd7 13. Qb3 Qc7 14. d3 Rab8 15.
Be3 Ne8 16. Bg5 Bf6 17. Bh6 Bg7 18. Bg5 Bc8 19. Qc2 Nd6 20. Ba2 b5 21. axb5 axb5
22. c4 h6 23. Be3 b4 24. Nb5 Qb6 25. Bb3 Be6 26. Nxd6 exd6 27. Qd2 Kh7 28. Ra2
Ra8 29. Rea1 Rxa2 30. Rxa2 f5 31. f3 f4 32. Bf2 g5 33. Bd1 h5 34. b3 g4 35. Ra1
Qd8 36. Ra7 Qg5 37. Qe1 Qg6 38. Bh4 Rf7 39. Ra8 Bh6 40. Be2 Rg7 41. Qa1 Bg5 42.
Bxg5 Qxg5 43. Ra7 Bd7 44. Qc1 Kh6 45. Rb7 g3 46. h3 Qh4 0-1

[Event "16th Delhi Open 2018"]
[Site "New Delhi IND"]
[Date "2018.01.16"]
[Round "10.14"]
[White "Rozum, Ivan"]
[Black "Ravi, Teja S."]
[Result "1-0"]
[WhiteTitle "GM"]
[BlackTitle "IM"]
[WhiteElo "2595"]
[BlackElo "2375"]
[WhiteFideId "24104272"]
[BlackFideId "5017220"]
[EventDate "2018.01.09"]

1. d4 d5 2. c4 c6 3. Nf3 Nf6 4. e3 Bf5 5. Nc3 a6 6. c5 h6 7. Ne5 Nbd7 8. Bd3
Bxd3 9. Nxd3 Qc7 10. O-O e5 11. f4 e4 12. Ne5 Be7 13. b4 O-O 14. Bd2 Nh7 15. Ne2
Nxe5 16. dxe5 f6 17. Nd4 Qc8 18. Qh5 f5 19. g4 fxg4 20. f5 Rf7 21. f6 Bf8 22. e6
Rxf6 23. Rxf6 gxf6 24. Qxg4+ Kh8 25. Kh1 Be7 26. Nf5 Qf8 27. Nh4 h5 28. Ng6+ Kg7
29. Qg2 Qe8 30. Nxe7+ Ng5 1-0

[Event "16th Delhi Open 2018"]
[Site "New Delhi IND"]
[Date "2018.01.16"]
[Round "10.15"]
[White "Ghosh, Diptayan"]
[Black "Rathnakaran, K."]
[Result "1/2-1/2"]
[WhiteTitle "GM"]
[BlackTitle "IM"]
[WhiteElo "2556"]
[BlackElo "2372"]
[WhiteFideId "5045207"]
[BlackFideId "5005507"]
[EventDate "2018.01.09"]

1. Nf3 Nf6 2. g3 g6 3. b3 Bg7 4. Bb2 O-O 5. Bg2 d5 6. c4 dxc4 7. bxc4 c5 8. O-O
Nc6 9. d3 Bg4 10. Nbd2 Qd7 11. Rb1 Rac8 12. Bc3 b6 13. Qc2 Bh3 14. Rfd1 Bxg2 15.
Kxg2 Nh5 16. a4 Bxc3 17. Qxc3 Nd4 18. Nxd4 cxd4 19. Qc2 Qg4 20. Nf3 Nf4+ 21. Kh1
Nh3 22. Rf1 Rc5 23. Rb5 a6 24. Rxc5 bxc5 25. Qb2 Qe6 26. Kg2 g5 27. Ng1 g4 28.
f3 Nxg1 29. Kxg1 Qe3+ 30. Kg2 h5 31. fxg4 hxg4 32. Rf2 Kg7 33. Qb1 f5 34. Qb7
Rh8 35. Kf1 Qc1+ 36. Kg2 Qe3 37. Kf1 1/2-1/2

[Event "16th Delhi Open 2018"]
[Site "New Delhi IND"]
[Date "2018.01.16"]
[Round "10.16"]
[White "Tran, Tuan Minh"]
[Black "Gukesh, D"]
[Result "1/2-1/2"]
[WhiteTitle "GM"]
[BlackTitle "CM"]
[WhiteElo "2548"]
[BlackElo "2354"]
[WhiteFideId "12401820"]
[BlackFideId "46616543"]
[EventDate "2018.01.09"]

1. d4 d5 2. c4 c6 3. Nf3 Nf6 4. Qc2 e6 5. Bg5 Nbd7 6. Nbd2 Qa5 7. g3 h6 8. Bxf6
Nxf6 9. Bg2 Be7 10. O-O O-O 11. Rfc1 Bd7 12. Ne5 Rfd8 13. a3 Be8 14. b4 Qc7 15.
e3 a5 16. Qb2 axb4 17. axb4 dxc4 18. Ndxc4 Nd5 19. Nd3 Nb6 20. Nce5 Nd5 21. Nc5
Qb6 22. Rab1 Ra7 23. Bf1 Rda8 24. Bc4 Qd8 25. Qd2 b6 26. Ncd3 f6 27. Nf3 Bh5 28.
Nfe1 Bg6 29. b5 c5 30. dxc5 bxc5 31. Qe2 Ra3 32. Rb3 Bf7 33. Rxa3 Rxa3 34. Qb2
Ra8 35. Qb3 Qd6 36. Nf4 g5 37. Ne2 Nb6 38. Rd1 Qe5 39. Nf3 Qf5 40. Nd2 Rd8 41.
Nc3 Qg4 42. f3 Qf5 43. Kg2 Qe5 44. e4 Rd4 45. Ne2 Rd8 46. Nc3 Kg7 47. Be2 Qc7
48. Bc4 h5 49. Nf1 Rd4 50. Ne3 Qd6 51. Kf2 Rxd1 52. Qxd1 Qxd1 53. Ncxd1 Bd6 54.
Bd3 Be8 55. Ke2 Bc7 56. Nc3 Be5 57. Kd2 h4 58. Ne2 hxg3 59. hxg3 Bc7 60. f4 gxf4
61. gxf4 c4 62. Nxc4 Bxb5 63. Nxb6 Bxd3 64. Kxd3 Bxb6 65. Kc4 Be3 66. Kb5 Kg6
67. Kc6 Kh5 68. Kd6 Kg4 69. Kxe6 Bxf4 70. Kxf6 Bc7 1/2-1/2

[Event "16th Delhi Open 2018"]
[Site "New Delhi IND"]
[Date "2018.01.16"]
[Round "10.17"]
[White "Hemant, Sharma2"]
[Black "Pruijssers, Roeland"]
[Result "0-1"]
[WhiteTitle "IM"]
[BlackTitle "GM"]
[WhiteElo "2348"]
[BlackElo "2536"]
[WhiteFideId "5025842"]
[BlackFideId "1013068"]
[EventDate "2018.01.09"]

1. c4 f5 2. Nc3 Nf6 3. g3 g6 4. Bg2 Bg7 5. d3 O-O 6. e4 fxe4 7. dxe4 d6 8. Nge2
c5 9. O-O Nc6 10. h3 e5 11. Be3 Nd4 12. Kh2 Be6 13. b3 Nh5 14. f3 Rf7 15. Qd2
Qf8 16. Ng1 a6 17. Qd3 Bh6 18. Bxh6 Qxh6 19. Nce2 g5 20. Nxd4 cxd4 21. Rac1 Rc8
22. Qd2 Qg6 23. Ne2 Nf6 24. g4 Rfc7 25. Ng3 Nd7 26. Rfe1 h6 27. Bf1 Qf6 28. Nf5
Bxf5 29. exf5 Nc5 30. Kg1 Kg7 31. Qd1 h5 32. Rc2 hxg4 33. hxg4 Rh8 34. Rd2 Qh6
35. Bg2 Nd7 36. Kf2 Qh4+ 37. Kf1 Nf6 38. Qe2 Qg3 39. Qf2 Qf4 40. Rc2 Rhc8 41.
Kg1 b5 42. Bf1 Rc5 43. Bd3 d5 44. cxb5 Rxc2 45. Bxc2 axb5 46. Bd1 b4 47. Qe2
Qg3+ 48. Kf1 Rh8 49. Qg2 Qf4 50. Kg1 d3 51. Qf2 d4 0-1

[Event "16th Delhi Open 2018"]
[Site "New Delhi IND"]
[Date "2018.01.16"]
[Round "10.18"]
[White "Karthikeyan, P."]
[Black "Sammed Jaykumar, Shete"]
[Result "1/2-1/2"]
[WhiteTitle "IM"]
[WhiteElo "2497"]
[BlackElo "2337"]
[WhiteFideId "5018226"]
[BlackFideId "5073421"]
[EventDate "2018.01.09"]

1. d4 Nf6 2. c4 g6 3. g3 Bg7 4. Bg2 O-O 5. Nc3 d6 6. Nf3 Nbd7 7. O-O e5 8. Qc2
Re8 9. Rd1 c6 10. e4 Qb6 11. h3 exd4 12. Nxd4 Ne5 13. b3 a6 14. Bb2 c5 15. Nde2
Qc7 16. f4 Nc6 17. a3 Qa5 18. Qd2 Be6 19. Qc2 Rad8 20. Nd5 Bxd5 21. cxd5 Nb8 22.
Kh2 1/2-1/2

[Event "16th Delhi Open 2018"]
[Site "New Delhi IND"]
[Date "2018.01.16"]
[Round "10.19"]
[White "Sangma, Rahul"]
[Black "Nguyen, Duc Hoa"]
[Result "0-1"]
[WhiteTitle "IM"]
[BlackTitle "GM"]
[WhiteElo "2332"]
[BlackElo "2490"]
[WhiteFideId "5013615"]
[BlackFideId "12401358"]
[EventDate "2018.01.09"]

1. e4 c5 2. Nf3 d6 3. d4 cxd4 4. Nxd4 Nf6 5. Nc3 g6 6. Be3 Bg7 7. f3 a6 8. Qd2
b5 9. a4 b4 10. Nd5 Nxd5 11. exd5 Qa5 12. Bc4 O-O 13. O-O Bb7 14. Nb3 Qc7 15.
Qxb4 Nd7 16. Bd4 Bxd4+ 17. Nxd4 Rab8 18. Ba2 Bxd5 19. Qd2 Ba8 20. Kh1 Rxb2 21.
Bb3 Rb8 22. Rfe1 Ne5 23. Qc1 Nc4 24. Qg5 Qc5 25. Qh4 Ne5 26. Rad1 Rb4 27. Qxe7
Rxd4 28. Rxd4 Qxd4 29. Qd8+ Kg7 30. Qxa8 Rxb3 31. cxb3 Nd3 0-1